LEADER 01429nam a2200289 i 4500 001 000000025534 003 CaOOAMICUS 005 20180830125447.0 008 180830s1930 it e u000 u ita u 040 $aSeMil$bita 100 1 $aVivanti, Giulio.$0(OLS)http://semarc/name/11331 240 10$aEnciclopedia delle matematiche elementari e complementi con estensione alle principali teorie analitiche, geometriche e fisiche : loro applicazioni e notizie storico-bibliografiche.$0(OLS)http://semarc/title/34387 245 10$aEnciclopedia delle matematiche elementari /$ca cura di L. Berzolari, G. Vivanti, D. Gigli. 260 $aMilano :$bHoepli,$c1930-1938. 300 $a3 v. (in 7 tomi) ;$c24 cm. 650 4$aMatematica.$0(OLS)http://semarc/subject/1227 700 1 $aGigli, Duilio.$0(OLS)http://semarc/name/11333 700 1 $aBerzolari, Luigi .$0(OLS)http://semarc/name/11332 774 0 $tVolume 1. Parte 1.$g1$w()206610 774 0 $tVolume 1. Parte 2.$g1$w()206613 774 0 $tVolume 2., Parte 1.$g2$w()206614 774 0 $tVolume 2., Parte 2.$g2$w()206617 774 0 $tVolume 3. [Parte 1].$g3$w()206620 774 0 $tVolume 3. [Parte 1].$g3$w()206621 774 0 $aGini, Corrado <1884-1965>$tMetodologia statistica.$g3$w()206623 996 $6245$aEnciclopedia delle matematiche elementari$9(OLS)http://semarc/title/34386 996 $6260$aMilano :$bHoepli$9(OLS)http://semarc/publisher/31184 LEADER 01125nam a2200229 i 4500 001 000000183214 003 CaOOAMICUS 005 20091110000000.0 008 091110s1951 it u000 u ita u 013 $a161177 040 $aSeMil$bita 100 1 $aMargreth, Pasquale.$0(OLS)http://semarc/name/42846 245 13$aLa figura di un grande Arcivescovo (Mons. A. Anastasio Rossi) /$cMons. Dott. Pasquale Margreth Preside dell'Istituto Magistrale Arcivescovile di Udine ; con presentazione di S. E. Mons. Giuseppe Nogara. 260 $aUdine :$bArti Grafiche Friulane,$c1951. 300 $a263 p., [16] p. di tav. :$bill. ;$c23 cm. 500 $aContiene : Appendice. 600 14$aRossi, Antonio Anastasio .$0(OLS)http://semarc/subject/34634 700 1 $aNogara, Giuseppe.$0(OLS)http://semarc/name/13312 850 $aSeMil 852 $aSeMil$W1$xVenegono$y1$m3E III 101$j133918$B133918$CSeMilBibl$Z2$F145615 $81 996 $6245$aLa figura di un grande Arcivescovo (Mons. A. Anastasio Rossi)$9(OLS)http://semarc/title/262962 996 $6260$aUdine :$bArti Grafiche Friulane$9(OLS)http://semarc/publisher/29757